LIBRARY & INFORMATION CENTRE, KCAET, TAVANUR

ONLINE PUBLIC ACCESS CATALOGUE (OPAC)

Artificial neural network model for predicton of Runoff (Record no. 17392)

MARC details
000 -LEADER
fixed length control field 00467nam a22001697a 4500
003 - CONTROL NUMBER IDENTIFIER
control field OSt
082 ## - DEWEY DECIMAL CLASSIFICATION NUMBER
Classification number 627.52
Item number ANJ/AR
088 ## - REPORT NUMBER
Report number P 514
100 ## - MAIN ENTRY--AUTHOR NAME
Personal name Anjali c v
100 ## - MAIN ENTRY--AUTHOR NAME
Personal name Rachana v v
100 ## - MAIN ENTRY--AUTHOR NAME
Personal name Sruthakeerthi P
245 ## - TITLE STATEMENT
Title Artificial neural network model for predicton of Runoff
260 ## - PUBLICATION, DISTRIBUTION, ETC. (IMPRINT)
Place of publication Tavanur, KCAET
Name of publisher Department of irrigation and drainage engineering
Year of publication 2021
300 ## - PHYSICAL DESCRIPTION
Number of Pages 61 P
700 ## - ADDED ENTRY--PERSONAL NAME
Personal name Anu varughese (Guide)
942 ## - ADDED ENTRY ELEMENTS (KOHA)
Koha item type Project Report
Holdings
Collection code Home library Current library Shelving location Full call number Accession Number Koha item type
Reference KAUAET KAUAET Reference 627.52 ANJ/ART P 514 Project Report
free website counter